000
00232nam a2200097Ia 4500
001
991675
005
20250826221334.0
008
250824s9999 xx 000 0 und d
245
0
_a
TUT ELİNİ
_c
LARA TUKSAL
260
_b
DESTEK YAYINLARI
999
_c
991675
_d
991675